[Event "30. Augsburger Friedensfest-Open"]
[Site "Augsburg"]
[Date "2025.08.07"]
[Round "1.21"]
[White "Birth, Waldemar"]
[Black "Brand, Leonhard"]
[Result "0-1"]
[WhiteElo "1950"]
[BlackElo "2052"]
[EventDate "2025.08.07"]
[Time "09:30:00"]
[WhiteNrv "1950"]
[BlackNrv "2052"]
[WhiteTwz "1950"]
[BlackTwz "2052"]
[WhiteFideId "24640310"]
[BlackFideId "34649646"]
[WhiteNatFedId "10016927"]
[BlackNatFedId "10655780"]
[WhiteAttr "M"]
[BlackAttr "M"]
[WhiteTeam "SK Rochade Augsburg"]
[BlackTeam "SK Freising"]

1.d4 d5 2.Nf3 Nf6 3.c4 c6 4.e3 Bf5 5.Nc3 e6 6.b3 Bb4 7.Bd2 O-O 8.a3 Bxc3 
9.Bxc3 Ne4 10.Bb2 Nd7 11.Bd3 Bg4 12.Qc2 f5 13.O-O Bxf3 14.gxf3 Ng5 15.Qe2 
Nh3+ 16.Kh1 Qh4 17.f4 Rf6 18.Bc3 Rh6 19.f3 Qh5 20.Ra2 Kf7 21.Qe1 Rg8 22.
Rg2 Nf6 23.Bd2 g5 24.fxg5 Nxg5 25.Qg3 Nxf3 26.Qxf3 Ng4 27.Qg3 Rhg6 28.Qc7+
Kf6 29.Be2 Qh3 30.Bxg4 Rxg4 31.Qe5+ Kf7 32.Rxf5+ exf5 33.Qxf5+ Ke8 34.Qc8+
Kf7 35.Qf5+ Ke7 36.Bb4+ Kd8 37.Ba5+ b6 38.Qf6+ Kc7 39.Qe7+ Kc8 40.Qe6+ Kb7
0-1

[Event "30. Augsburger Friedensfest-Open"]
[Site "Augsburg"]
[Date "2025.08.07"]
[Round "1.22"]
[White "Kamenskyi, Dmytro"]
[Black "Gradl, Winfried"]
[Result "1/2-1/2"]
[WhiteElo "2049"]
[BlackElo "1945"]
[EventDate "2025.08.07"]
[Time "09:30:00"]
[WhiteNrv "2049"]
[BlackNrv "1945"]
[WhiteTwz "2049"]
[BlackTwz "1945"]
[WhiteFideId "34123466"]
[BlackFideId "4648030"]
[WhiteNatFedId "10745791"]
[BlackNatFedId "10064910"]
[WhiteAttr "M"]
[BlackAttr "M"]
[WhiteTeam "SK Kriegshaber"]
[BlackTeam "SAbt TuS Fuerstenfeldbruck"]

1.e4 c6 2.d4 d5 3.exd5 cxd5 4.c4 Nf6 5.Nc3 e6 6.Nf3 Bb4 7.cxd5 Nxd5 8.Bd2 
O-O 9.Bd3 Nc6 10.O-O Be7 11.a3 Bf6 12.Be3 Nce7 13.Ne4 Bd7 14.Nxf6+ Nxf6 
15.Ne5 Bc6 16.Rc1 Qd5 17.f3 Rfd8 18.Qe2 a6 19.Rfd1 Qd6 20.Qf2 Nfd5 21.Bb1 
Ba4 22.Rd3 Nf5 23.Bg5 Rdc8 24.Nc4 Qd7 25.b3 Bb5 26.Rdd1 h6 27.Bd2 Nd6 28.
Ne5 Qe7 29.Qg3 Qf6 30.a4 Be8 31.Qg4 b5 32.a5 b4 33.Be4 Nf5 34.Bxd5 exd5 
35.Bxb4 Rcb8 36.Bc5 Ne3 37.Qg3 Nxd1 38.Rxd1 Rxb3 39.Ng4 Qg6 40.Qe5 Rb1 41.
Rxb1 Qxb1+ 42.Kf2 Qb2+ 43.Kg3 Bd7 44.Ne3 Be6 45.Bb6 Rc8 46.h3 Rc3 47.Qb8+ 
Kh7 48.Qf4 Qe2 49.Ng4 h5 50.Qe5 h4+ 51.Kh2 Qxe5+ 52.Nxe5 Rc1 53.Nd3 Rb1 
54.Bc5 f6 55.Nb4 Rxb4 1/2-1/2

[Event "30. Augsburger Friedensfest-Open"]
[Site "Augsburg"]
[Date "2025.08.07"]
[Round "1.23"]
[White "Schultes, Christoph Dr."]
[Black "Dauer, Maximilian"]
[Result "0-1"]
[WhiteElo "1945"]
[BlackElo "2035"]
[EventDate "2025.08.07"]
[Time "09:30:00"]
[WhiteNrv "1945"]
[BlackNrv "2035"]
[WhiteTwz "1945"]
[BlackTwz "2035"]
[WhiteFideId "12905674"]
[BlackFideId "1270802"]
[WhiteNatFedId "10201277"]
[BlackNatFedId "10033526"]
[WhiteAttr "*"]
[BlackAttr "M"]
[WhiteTeam "SK Landau-Dingolfing"]
[BlackTeam "Spgem Koetz/Ichenhausen"]

1.d4 d5 2.Nf3 Nf6 3.e3 a6 4.Bd3 Bg4 5.Nbd2 e6 6.c4 c6 7.b3 Nbd7 8.Bb2 Bb4 
9.O-O Bf5 10.Qc2 Bg6 11.Ne5 Nxe5 12.dxe5 Nd7 13.Rac1 Qa5 14.Bxg6 hxg6 15.
Nf3 Rd8 16.cxd5 Qxd5 17.Rfd1 Qa5 18.a3 Be7 19.b4 Qc7 20.Rd2 O-O 21.Rcd1 
Nb6 22.Bd4 Nd7 23.h3 Rc8 24.Qb2 Rfd8 25.Rc1 b6 26.Rcd1 c5 27.bxc5 Nxc5 28.
Rc2 Rb8 29.Rb1 Qc6 30.Qc3 Qd5 31.Qc4 Qb7 32.Rcb2 Qc7 33.a4 Qa7 34.Bxc5 
Bxc5 35.Nd4 Rbc8 36.Qd3 Qd7 37.Qxa6 Ra8 38.Qb5 Rxa4 39.Nc6 Rda8 40.Nd4 
Qxb5 41.Rxb5 Ra1 42.Kf1 Kf8 43.Rxa1 Rxa1+ 44.Ke2 Ra2+ 45.Kf3 Ke8 46.Ne2 
Kd7 47.Nc3 Ra5 48.Rb2 Kc6 49.Ne4 Ra7 50.Rd2 Rc7 51.Ke2 b5 52.Rc2 Kb6 53.f4
b4 54.Rb2 Kb5 55.Nxc5 Rxc5 56.Kd3 Rd5+ 57.Kc2 Kc4 58.Rb1 Rd8 59.Rc1 Rd7 
60.Kb2+ Kb5 61.Rc8 Rd2+ 62.Kb3 Rd3+ 63.Kb2 Rxe3 64.Rc7 Rg3 65.Rb7+ Kc4 66.
Rc7+ Kd5 67.Rxf7 Rxg2+ 68.Kb3 Rg3+ 69.Kxb4 Rxh3 70.Rxg7 Rh4 71.Rd7+ Ke4 
72.Kc5 Rxf4 73.Kd6 Rf5 74.Ra7 Rxe5 75.Ke7 Kf5 76.Ra1 g5 77.Rf1+ Kg6 78.
Rf6+ Kh5 79.Rf1 g4 80.Rf8 g3 81.Rh8+ Kg4 82.Kf6 Rg5 83.Ra8 g2 84.Ra4+ Kh5 
0-1

[Event "30. Augsburger Friedensfest-Open"]
[Site "Augsburg"]
[Date "2025.08.07"]
[Round "1.24"]
[White "Roebers, Jan"]
[Black "Fresser, Stefan"]
[Result "1-0"]
[WhiteElo "2030"]
[BlackElo "1944"]
[EventDate "2025.08.07"]
[Time "09:30:00"]
[WhiteNrv "2030"]
[BlackNrv "1944"]
[WhiteTwz "2030"]
[BlackTwz "1944"]
[WhiteTitle "FM"]
[WhiteFideId "1007815"]
[BlackFideId "12987123"]
[BlackNatFedId "10053941"]
[WhiteAttr "M"]
[BlackAttr "M"]
[WhiteTeam "?"]
[BlackTeam "SF Neuberg"]

1.e4 c6 2.Nc3 d5 3.Nf3 dxe4 4.Nxe4 Nf6 5.Qe2 Bg4 6.h3 Bxf3 7.Nxf6+ gxf6 8.
Qxf3 Qd5 9.Be2 Qxf3 10.Bxf3 Nd7 11.d4 h5 12.b3 e5 13.Bb2 exd4 14.O-O-O 
O-O-O 15.Bxd4 Bc5 16.Bxc5 Nxc5 17.h4 Ne6 18.Rxd8+ Kxd8 19.g4 Ng7 20.gxh5 
Nxh5 21.Bg4 Ng7 22.h5 Rh6 23.Rd1+ Ke8 24.Bd7+ Kf8 25.Bc8 b5 26.Rd8+ Ne8 
27.Bg4 f5 28.Bf3 Ke7 29.Ra8 Nc7 30.Rxa7 Kd6 31.a4 bxa4 32.Rxa4 Nd5 33.Bxd5
Kxd5 34.Rh4 Ke5 35.Kd2 f4 36.Ke2 Ke4 37.c3 f5 38.f3+ Ke5 39.Kd3 Kd5 40.b4 
Ke5 41.Rh1 Kd5 42.c4+ Ke5 43.Kc3 c5 44.bxc5 Rc6 45.h6 Rxh6 46.Re1+ Kf6 47.
Kd4 Kf7 48.Kd5 1-0

[Event "30. Augsburger Friedensfest-Open"]
[Site "Augsburg"]
[Date "2025.08.07"]
[Round "1.25"]
[White "Galje, Hans"]
[Black "Roebers, Bregje"]
[Result "0-1"]
[WhiteElo "1934"]
[BlackElo "2030"]
[EventDate "2025.08.07"]
[Time "09:30:00"]
[WhiteNrv "1934"]
[BlackNrv "2030"]
[WhiteTwz "1934"]
[BlackTwz "2030"]
[WhiteFideId "1003240"]
[BlackFideId "1085174"]
[WhiteAttr "M"]
[BlackAttr "W"]
[WhiteTeam "?"]
[BlackTeam "?"]

1.e4 c5 2.Nf3 d6 3.Bb5+ Nd7 4.c3 a6 5.Ba4 Nf6 6.Qe2 b5 7.Bc2 Bb7 8.d4 e5 
9.O-O Be7 10.Nbd2 O-O 11.dxe5 dxe5 12.c4 Qc7 13.Re1 Bc6 14.b3 Rfd8 15.Bb2 
Bd6 16.Bd3 b4 17.Nf1 Nf8 18.Ng3 g6 19.Rad1 Ne6 20.Bc1 a5 21.Nh4 a4 22.Be3 
Be7 23.Nf3 Nd7 24.h4 axb3 25.axb3 Nd4 26.Bxd4 exd4 27.e5 Bxf3 28.gxf3 Bxh4
29.f4 Bxg3 30.fxg3 Re8 31.Be4 Ra3 32.Qf3 Nb6 33.Rd3 Kg7 34.Qg4 Qd7 35.f5 
Rxe5 36.f6+ Kg8 37.Qf4 Qe8 38.Qh6 Qf8 39.Qf4 Nd7 40.Rf1 Ra6 41.Rdf3 Rxf6 
42.Qg4 Rxf3 43.Qxf3 Qe7 44.Bd5 Rf5 45.Qd3 Ne5 46.Qe4 Rxf1+ 47.Kxf1 Qg5 48.
Kg2 h5 49.Kh2 Ng4+ 0-1

[Event "30. Augsburger Friedensfest-Open"]
[Site "Augsburg"]
[Date "2025.08.07"]
[Round "1.26"]
[White "Soergel, Thomas"]
[Black "Haselbeck, Franz"]
[Result "1/2-1/2"]
[WhiteElo "2018"]
[BlackElo "1931"]
[EventDate "2025.08.07"]
[Time "09:30:00"]
[WhiteNrv "2018"]
[BlackNrv "1931"]
[WhiteTwz "2018"]
[BlackTwz "1931"]
[WhiteFideId "4667980"]
[BlackFideId "1270356"]
[WhiteNatFedId "10209978"]
[BlackNatFedId "10075444"]
[WhiteAttr "M"]
[BlackAttr "M"]
[WhiteTeam "SK Graefelfing"]
[BlackTeam "SV Deggendorf"]

1.c4 e5 2.Nc3 Bb4 3.g3 Nf6 4.Bg2 O-O 5.Nf3 Nc6 6.O-O d6 7.d4 Re8 8.dxe5 
Bxc3 9.bxc3 Nxe5 10.Nxe5 Rxe5 11.Be3 Qe7 12.Re1 Rxe3 13.fxe3 Qxe3+ 14.Kh1 
Ne4 15.Qd4 Nf2+ 16.Kg1 Ng4+ 17.Qxe3 Nxe3 18.Rab1 Bf5 19.Rb5 Nxg2 20.Kxg2 
Be4+ 21.Kf2 b6 22.Rb2 Re8 23.Rd2 Re5 24.Rd4 Bb7 25.e4 f6 26.g4 Ra5 27.Re2 
Ra3 28.Rc2 Ba6 29.Ke3 Ra5 30.h4 Rc5 31.Kd3 Kf7 32.Rf2 Ke6 33.Rf5 g6 34.Rf2
Bb7 35.Ke3 Re5 36.Rd5 Bxd5 37.cxd5+ Ke7 38.Kd4 h5 39.gxh5 Rxh5 40.Rf4 g5 
41.hxg5 Rxg5 42.Rh4 Rg7 43.a4 a5 44.Rh8 Rf7 45.Rh5 Kd7 46.c4 Rg7 47.Rh8 
Rg1 48.Rh7+ Kc8 49.Rf7 Ra1 50.Rxf6 Rxa4 51.Kc3 Kb7 52.Re6 Ra3+ 53.Kd4 Rh3 
54.e5 dxe5+ 55.Rxe5 Rh6 56.Re3 Rh4+ 57.Kc3 Rh5 58.Kb3 b5 59.cxb5 Rxd5 60.
Ka4 Kb6 61.Re6+ Rd6 62.Re4 Rd1 63.Re6+ Rd6 64.Re4 1/2-1/2

[Event "30. Augsburger Friedensfest-Open"]
[Site "Augsburg"]
[Date "2025.08.07"]
[Round "1.27"]
[White "Kaufmann, Ben"]
[Black "Boehm, Korbinian"]
[Result "0-1"]
[WhiteElo "1859"]
[BlackElo "1928"]
[EventDate "2025.08.07"]
[Time "09:30:00"]
[WhiteNrv "1859"]
[BlackNrv "1928"]
[WhiteTwz "1859"]
[BlackTwz "1928"]
[WhiteFideId "34687068"]
[BlackFideId "16211561"]
[WhiteNatFedId "10489709"]
[BlackNatFedId "10019245"]
[WhiteAttr "M"]
[BlackAttr "M"]
[WhiteTeam "SK Sontheim/Brenz e.V."]
[BlackTeam "Sportfr.Windach e.V.1923"]

1.e4 Nc6 2.d4 d5 3.e5 f6 4.f4 Nh6 5.c3 Bg4 6.Nf3 Qd7 7.Nbd2 e6 8.Be2 Nf5 
9.Nf1 Be7 10.Ne3 Nxe3 11.Bxe3 f5 12.Qc2 Nd8 13.h4 O-O 14.Ng5 Bxe2 15.Qxe2 
b6 16.Qh5 Bxg5 17.hxg5 g6 18.Qh4 Nb7 19.Rh2 Rf7 20.O-O-O a5 21.Rdh1 a4 22.
Qh6 Rg7 23.a3 Na5 24.Kc2 Nc4 25.Bc1 c5 26.Rh3 Ra7 27.Qh4 Qb5 28.Qf2 Qb3+ 
29.Kd3 Rgc7 30.Re1 cxd4 31.Qxd4 Nxb2+ 32.Bxb2 Qxb2 33.Qb4 Qxg2 34.Rhe3 d4 
35.R1e2 Qf1 36.cxd4 Rd7 37.Qxb6 Kf7 38.Qb2 Rab7 39.Qc2 Rb3+ 40.Kd2 Rxd4+ 
0-1

[Event "30. Augsburger Friedensfest-Open"]
[Site "Augsburg"]
[Date "2025.08.07"]
[Round "1.28"]
[White "Frenkel, Matthias"]
[Black "Jekel, Wolfgang"]
[Result "0-1"]
[WhiteElo "1925"]
[BlackElo "1853"]
[EventDate "2025.08.07"]
[Time "09:30:00"]
[WhiteNrv "1925"]
[BlackNrv "1853"]
[WhiteTwz "1925"]
[BlackTwz "1853"]
[WhiteFideId "34619267"]
[BlackFideId "4690370"]
[WhiteNatFedId "10437364"]
[BlackNatFedId "10095176"]
[WhiteAttr "M"]
[BlackAttr "M"]
[WhiteTeam "SK Kriegshaber"]
[BlackTeam "SF Voehringen"]

1.d4 Nf6 2.c4 c5 3.d5 Ne4 4.Qd3 Qa5+ 5.Nd2 Nd6 6.e4 g6 7.Nf3 Bg7 8.Be2 b5 
9.cxb5 a6 10.O-O O-O 11.e5 Nf5 12.Ne4 Qc7 13.d6 exd6 14.Nxd6 Nxd6 15.Qxd6 
Qxd6 16.exd6 axb5 17.a3 c4 18.Ra2 Re8 19.Be3 Bb7 20.Bd1 b4 21.Bd4 b3 22.
Ra1 Ra6 23.Bxg7 Kxg7 24.Rc1 Bd5 25.Nd2 Rc6 26.Bf3 Bxf3 27.Nxf3 Re2 28.Nd4 
Rxb2 29.Nxc6 Nxc6 30.Rxc4 Ra2 31.Rcc1 b2 32.Rxc6 dxc6 33.d7 Ra1 34.d8=Q 
Rxf1+ 35.Kxf1 b1=Q+ 36.Ke2 Qb2+ 37.Qd2 Qxa3 38.Qd4+ Kg8 39.Qd8+ Qf8 40.Qc7
Qe8+ 41.Kd3 Qe6 42.Qd8+ Kg7 43.Qd4+ Qf6 44.Qb6 Qf5+ 45.Kc4 Qd5+ 46.Kc3 c5 
47.f3 Qd4+ 48.Kc2 Qf2+ 49.Kc3 Qxg2 50.Qxc5 Qxf3+ 51.Kc4 Qf4+ 52.Kb3 Qxh2 
53.Qd4+ f6 54.Qa7+ Kh6 55.Qe3+ g5 56.Qe7 Qg3+ 57.Kc2 Qf2+ 58.Kd1 Qd4+ 59.
Kc2 Qc4+ 60.Kd1 Kg6 61.Qe8+ Qf7 62.Qe4+ f5 63.Qc6+ Qf6 64.Qe8+ Kh6 65.Ke2 
f4 66.Kf3 g4+ 67.Kxg4 Qg6+ 68.Qxg6+ hxg6 69.Kxf4 Kh5 70.Kf3 Kh4 71.Kg2 Kg4
72.Kf2 Kh3 73.Kg1 g5 74.Kh1 Kg3 75.Kg1 g4 76.Kh1 Kf2 0-1

[Event "30. Augsburger Friedensfest-Open"]
[Site "Augsburg"]
[Date "2025.08.07"]
[Round "1.29"]
[White "Elsinga, Brian"]
[Black "Seifert, Werner"]
[Result "1/2-1/2"]
[WhiteElo "1851"]
[BlackElo "1924"]
[EventDate "2025.08.07"]
[Time "09:30:00"]
[WhiteNrv "1851"]
[BlackNrv "1924"]
[WhiteTwz "1851"]
[BlackTwz "1924"]
[WhiteFideId "1089439"]
[BlackFideId "4698045"]
[BlackNatFedId "10205886"]
[WhiteAttr "M"]
[BlackAttr "*"]
[WhiteTeam "?"]
[BlackTeam "SC Groebenzell"]

1.c4 g6 2.Nc3 Bg7 3.g3 Nf6 4.Bg2 O-O 5.e4 d6 6.Nge2 c5 7.O-O Nc6 8.d3 Rb8 
9.f4 Ne8 10.Rb1 Nc7 11.Bd2 Ne6 12.a3 Ned4 13.b4 Bd7 14.b5 Nxe2+ 15.Nxe2 
Nd4 16.Nxd4 Bxd4+ 17.Kh1 Qc8 18.Qc2 Bh3 19.Bc3 Bxc3 20.Qxc3 f6 21.a4 Qd7 
22.a5 e5 23.Qd2 Kg7 24.Qe3 Rh8 25.Rf3 Bg4 26.Rf2 Rbf8 27.Rbf1 Qd8 28.h3 
Bd7 29.Qd2 Qc8 30.Kh2 h6 31.f5 g5 32.h4 Rfg8 33.Bf3 Kf8 34.Bh5 Be8 35.Qd1 
Bf7 36.Bxf7 1/2-1/2

[Event "30. Augsburger Friedensfest-Open"]
[Site "Augsburg"]
[Date "2025.08.07"]
[Round "1.30"]
[White "Zimmermann, Felix"]
[Black "Boehm, Bruno"]
[Result "1-0"]
[WhiteElo "1924"]
[BlackElo "1848"]
[EventDate "2025.08.07"]
[Time "09:30:00"]
[WhiteNrv "1924"]
[BlackNrv "1848"]
[WhiteTwz "1924"]
[BlackTwz "1848"]
[WhiteFideId "12989720"]
[BlackFideId "4699238"]
[WhiteNatFedId "10262226"]
[BlackNatFedId "10019158"]
[WhiteAttr "M"]
[BlackAttr "M"]
[WhiteTeam "SV Gruen-W. Niederwiesa"]
[BlackTeam "SK Freising"]

1.d4 d5 2.c4 e6 3.Nc3 c5 4.cxd5 exd5 5.Nf3 Nc6 6.e3 Nf6 7.Be2 cxd4 8.Nxd4 
Bd6 9.O-O O-O 10.Bf3 Be5 11.a3 a6 12.b4 Qc7 13.Nxd5 Nxd5 14.Bxd5 Nxd4 15.
exd4 Bxh2+ 16.Kh1 Bf4 17.Qf3 Bxc1 18.Raxc1 Qd6 19.Rc5 Rb8 20.Rfc1 Qf6 21.
Qxf6 gxf6 22.Rc7 a5 23.Re1 axb4 24.axb4 Be6 25.Bxe6 fxe6 26.Rxe6 Rf7 27.
Ree7 Rxe7 28.Rxe7 b5 29.Rd7 Rb6 30.Kh2 h6 31.Kg3 Kf8 32.Kf4 Ke8 33.Rh7 Rc6
34.Rxh6 Rc4 35.Rxf6 Rxd4+ 36.Kg5 Rxb4 37.f4 Rb1 38.g4 b4 39.f5 b3 40.Rb6 
b2 41.Kf6 Rg1 42.Rb8+ Kd7 43.Rxb2 Rxg4 44.Kf7 Rf4 45.Rd2+ Kc6 46.f6 Rf1 
47.Kg7 Rg1+ 48.Kf8 Rf1 49.f7 Rf3 50.Rg2 Re3 51.Kg8 1-0

[Event "30. Augsburger Friedensfest-Open"]
[Site "Augsburg"]
[Date "2025.08.07"]
[Round "1.31"]
[White "Vonach, Bernhard Dr."]
[Black "Iberl, Michael"]
[Result "1/2-1/2"]
[WhiteElo "1843"]
[BlackElo "1922"]
[EventDate "2025.08.07"]
[Time "09:30:00"]
[WhiteNrv "1843"]
[BlackNrv "1922"]
[WhiteTwz "1843"]
[BlackTwz "1922"]
[WhiteFideId "4680243"]
[BlackFideId "4644085"]
[WhiteNatFedId "10231837"]
[BlackNatFedId "10091886"]
[WhiteAttr "*"]
[BlackAttr "M"]
[WhiteTeam "Sportfr.Windach e.V.1923"]
[BlackTeam "SF Dachau 1932 e.V."]

1.Nf3 d5 2.d4 Nf6 3.g3 c6 4.Bg2 Bf5 5.O-O e6 6.b3 Be7 7.Bb2 O-O 8.c4 h6 9.
Nbd2 a5 10.a3 Na6 11.Ne5 Re8 12.e3 Rc8 13.g4 Bh7 14.f4 Ne4 15.Nxe4 dxe4 
16.g5 hxg5 17.fxg5 Bxg5 18.Rxf7 Bxe3+ 19.Kh1 Qh4 20.d5 Rc7 21.dxe6 Rxe6 
22.Qf1 Rf6 23.Rxf6 gxf6 24.Qe2 Bf4 25.Qg4+ Qxg4 26.Nxg4 Bg5 27.Bxf6 Bd2 
28.Be5 Re7 29.Nf6+ Kg7 30.Ng4+ Kg8 31.Nf6+ Kg7 1/2-1/2

[Event "30. Augsburger Friedensfest-Open"]
[Site "Augsburg"]
[Date "2025.08.07"]
[Round "1.32"]
[White "Yaroshenko, Yaroslav"]
[Black "Wietschorke, Jens"]
[Result "1-0"]
[WhiteElo "1918"]
[BlackElo "1841"]
[EventDate "2025.08.07"]
[Time "09:30:00"]
[WhiteNrv "1918"]
[BlackNrv "1841"]
[WhiteTwz "1918"]
[BlackTwz "1841"]
[WhiteFideId "16204905"]
[BlackFideId "16296176"]
[WhiteNatFedId "10277356"]
[BlackNatFedId "10242290"]
[WhiteAttr "M"]
[BlackAttr "M"]
[WhiteTeam "SK Graefelfing"]
[BlackTeam "SK Caissa Augsburg"]

1.d4 d5 2.Nf3 c5 3.e3 Nc6 4.dxc5 e6 5.b3 Bxc5 6.Bb2 Nf6 7.Nbd2 Qe7 8.Ne5 
O-O 9.Bd3 Rd8 10.O-O d4 11.Nxc6 bxc6 12.exd4 Bxd4 13.Bxd4 Rxd4 14.Nf3 Rd5 
15.c4 Rh5 16.Re1 Qc7 17.h3 c5 18.Nd2 Rh6 19.Ne4 Nh5 20.Nxc5 Qxc5 21.Be4 
Rb8 22.Qd8+ Qf8 23.Qc7 Ba6 24.Qxa7 Qc8 25.Rad1 f5 26.Bf3 Nf4 27.Re5 Rg6 
28.Rc5 Qf8 29.Ra5 Nxg2 30.Kf1 Nh4 31.Bh1 Bxc4+ 32.bxc4 Qb4 33.Ra4 Qb2 34.
Qxb8+ Qxb8 35.Ra8 Qxa8 36.Bxa8 Rf6 37.c5 Rf8 38.Bb7 Ng6 39.c6 Ne7 40.c7 
Kf7 41.Rd8 Re8 42.Rxe8 Kxe8 43.c8=Q+ Nxc8 44.Bxc8 Ke7 45.a4 1-0

[Event "30. Augsburger Friedensfest-Open"]
[Site "Augsburg"]
[Date "2025.08.07"]
[Round "1.33"]
[White "Mittermaier, Johann"]
[Black "Gruber, Johannes"]
[Result "1/2-1/2"]
[WhiteElo "1828"]
[BlackElo "1916"]
[EventDate "2025.08.07"]
[Time "09:30:00"]
[WhiteNrv "1828"]
[BlackNrv "1916"]
[WhiteTwz "1828"]
[BlackTwz "1916"]
[WhiteFideId "16208382"]
[BlackFideId "12915521"]
[WhiteNatFedId "10144722"]
[WhiteAttr "M"]
[BlackAttr "M"]
[WhiteTeam "SV Deggendorf"]
[BlackTeam "?"]

1.e4 e5 2.Nf3 Nf6 3.d3 Nc6 4.g3 Bc5 5.Bg2 O-O 6.O-O h6 7.c3 Bb6 8.Nbd2 d6 
9.Nc4 Ne7 10.Nxb6 axb6 11.Nh4 g5 12.Nf3 Ng6 13.h3 Be6 14.a3 Qc8 15.Kh2 Kh7
16.Qd2 Rh8 17.Rh1 Kg7 18.Kg1 Ra4 19.Qe3 b5 20.Bd2 c6 21.Rf1 Qa8 22.Bc1 Nh5
23.d4 Nf6 24.Ne1 exd4 25.cxd4 Bc4 26.Nd3 Re8 27.f3 Qa7 28.Rd1 Bb3 29.Rd2 
Qxd4 30.Qxd4 Rxd4 31.Nb4 Rxd2 32.Bxd2 d5 33.exd5 Nxd5 34.Nxd5 Bxd5 35.Bc3+
f6 36.Kf2 Ne5 37.Rd1 Nc4 38.Re1 Rxe1 39.Kxe1 Kf7 40.Kf2 Ke6 41.Bf1 Ne5 42.
Be2 Bc4 43.Bd1 b6 44.Ke3 c5 45.Bc2 Bd5 46.Bd1 Bc4 47.Bc2 Bd5 48.Bd1 Nc6 
49.f4 Bg2 50.fxg5 fxg5 51.Bg4+ Kf7 52.h4 gxh4 53.gxh4 Kg6 54.Kf4 b4 55.h5+
Kf7 56.axb4 Nxb4 57.Bxb4 1/2-1/2

[Event "30. Augsburger Friedensfest-Open"]
[Site "Augsburg"]
[Date "2025.08.07"]
[Round "1.34"]
[White "Hofbauer, Bernhard"]
[Black "Schuelke, Tilman"]
[Result "0-1"]
[WhiteElo "1913"]
[BlackElo "1816"]
[EventDate "2025.08.07"]
[Time "09:30:00"]
[WhiteNrv "1913"]
[BlackNrv "1816"]
[WhiteTwz "1913"]
[BlackTwz "1816"]
[WhiteFideId "34666303"]
[BlackFideId "4647475"]
[WhiteNatFedId "10086413"]
[BlackNatFedId "10200219"]
[WhiteAttr "M"]
[BlackAttr "M"]
[WhiteTeam "SK Tarrasch 1945 Muenchen"]
[BlackTeam "SF Pfullingen"]

1.d4 d6 2.e4 Nf6 3.Nc3 g6 4.Be3 c6 5.f3 b5 6.Qd2 Nbd7 7.Bd3 a6 8.Nh3 Bb7 
9.O-O Bg7 10.Rae1 e5 11.Be2 Qc7 12.Kh1 O-O 13.Nd1 Rfe8 14.c3 Nf8 15.Bh6 
Ne6 16.Bxg7 Kxg7 17.Ne3 Nf4 18.Nxf4 exf4 19.Nd1 Nh5 20.Bd3 Qd8 21.Kg1 Bc8 
22.Rf2 Qb6 23.g4 fxg3 24.hxg3 Nf6 25.Rh2 Ng8 26.Kg2 c5 27.Be2 Be6 28.Reh1 
h5 29.d5 Bd7 30.Ne3 c4 31.g4 h4 32.Rxh4 a5 33.Nf5+ Bxf5 34.gxf5 Qd8 35.
Rh7+ Kf8 36.Rh8 Qf6 37.Qh6+ Ke7 38.Qf4 g5 39.Qe3 Reb8 40.R1h5 b4 41.Bd1 
bxc3 42.Qxc3 Rxb2+ 0-1

[Event "30. Augsburger Friedensfest-Open"]
[Site "Augsburg"]
[Date "2025.08.07"]
[Round "1.35"]
[White "Winkelmeier, Alfred"]
[Black "Simon, Jonathan"]
[Result "1-0"]
[WhiteElo "1815"]
[BlackElo "1907"]
[EventDate "2025.08.07"]
[Time "09:30:00"]
[WhiteNrv "1815"]
[BlackNrv "1907"]
[WhiteTwz "1815"]
[BlackTwz "1907"]
[WhiteFideId "4680308"]
[BlackFideId "1271653"]
[WhiteNatFedId "10243648"]
[BlackNatFedId "10208573"]
[WhiteAttr "M"]
[BlackAttr "M"]
[WhiteTeam "SV Ilmmuenster"]
[BlackTeam "SK 1928 Moembris"]

1.e4 e6 2.d4 d5 3.exd5 exd5 4.Nf3 Nc6 5.Bd3 Bd6 6.c3 Nge7 7.O-O Bg4 8.Re1 
Qd7 9.Nbd2 O-O 10.Nf1 Bf5 11.Qc2 Rfe8 12.Ne3 Bxd3 13.Qxd3 f6 14.Bd2 Bf4 
15.Re2 Ng6 16.Rae1 Re4 17.Qb5 Bxe3 18.Rxe3 f5 19.Ng5 Rxe3 20.Rxe3 h6 21.
Ne6 b6 22.g3 Kh7 23.Qd3 Nce7 24.Re1 Rc8 25.h4 c5 26.dxc5 bxc5 27.h5 Nh8 
28.Nf4 Rc6 29.Qe3 Ng8 30.Ne6 Qc8 31.Qe5 Nf6 32.Qxf5+ Kg8 33.Bxh6 Ne4 34.
Nxg7 Qxf5 35.Nxf5 Rf6 36.g4 1-0

[Event "30. Augsburger Friedensfest-Open"]
[Site "Augsburg"]
[Date "2025.08.07"]
[Round "1.36"]
[White "Sensoy, Emir"]
[Black "Doebel, Maximilian"]
[Result "0-1"]
[WhiteElo "1903"]
[BlackElo "1799"]
[EventDate "2025.08.07"]
[Time "09:30:00"]
[WhiteNrv "1903"]
[BlackNrv "1799"]
[WhiteTwz "1903"]
[BlackTwz "1799"]
[WhiteFideId "34607390"]
[BlackFideId "34650768"]
[WhiteNatFedId "10730374"]
[BlackNatFedId "10437353"]
[WhiteAttr "M"]
[BlackAttr "M"]
[WhiteTeam "MSA Zugzwang 82 e.V."]
[BlackTeam "SF Augsburg"]

1.e4 e6 2.d4 d5 3.Nc3 dxe4 4.Nxe4 Nd7 5.c4 Ngf6 6.Nxf6+ Nxf6 7.Nf3 Be7 8.
Bd3 O-O 9.O-O b6 10.h3 Bb7 11.Ne5 c5 12.dxc5 Bxc5 13.Bg5 Be7 14.Qc2 h6 15.
Bh4 Qd4 16.Bg3 Rfd8 17.Rad1 Qc5 18.Rfe1 Rac8 19.a3 a5 20.b4 axb4 21.axb4 
Qxb4 22.Rb1 Qc5 23.Rb5 Qd4 24.Rd1 Be4 25.Nf3 Bxd3 26.Qb3 Qxc4 27.Ne5 Qxb5 
0-1

[Event "30. Augsburger Friedensfest-Open"]
[Site "Augsburg"]
[Date "2025.08.07"]
[Round "1.37"]
[White "Peck, Malcolm"]
[Black "Mayer, Manuel"]
[Result "0-1"]
[WhiteElo "1799"]
[BlackElo "1900"]
[EventDate "2025.08.07"]
[Time "09:30:00"]
[WhiteNrv "1799"]
[BlackNrv "1900"]
[WhiteTwz "1799"]
[BlackTwz "1900"]
[WhiteFideId "12902756"]
[BlackFideId "34636838"]
[WhiteNatFedId "10161218"]
[BlackNatFedId "10762354"]
[WhiteAttr "M"]
[BlackAttr "M"]
[WhiteTeam "SK Koenigsbrunn"]
[BlackTeam "TSV Landsberg 1882"]

1.d4 Nf6 2.Nf3 d5 3.e3 Bg4 4.Be2 e6 5.O-O Be7 6.Nbd2 O-O 7.c4 c5 8.Qc2 
cxd4 9.Nxd4 Bxe2 10.Nxe2 Nc6 11.a3 Rc8 12.b4 dxc4 13.Bb2 b5 14.Rad1 Qc7 
15.Qc3 Bd6 16.f4 e5 17.Rf3 Qb6 18.Rg3 Nd5 19.Nxc4 Nxc3 20.Nxc3 bxc4 21.
Rxd6 Qc7 22.fxe5 Ne7 23.Nb5 Qb8 24.e6 f6 25.Rd7 Nf5 26.Rf3 Qxb5 27.e4 Qb6+
28.Kf1 Qxe6 29.Rxa7 Qxe4 30.Bc1 Rfe8 31.Ra5 Qe1# 0-1

[Event "30. Augsburger Friedensfest-Open"]
[Site "Augsburg"]
[Date "2025.08.07"]
[Round "1.38"]
[White "Schubert, Martin"]
[Black "Schaefer, Ann-Kathrin"]
[Result "1-0"]
[WhiteElo "1899"]
[BlackElo "1791"]
[EventDate "2025.08.07"]
[Time "09:30:00"]
[WhiteNrv "1899"]
[BlackNrv "1791"]
[WhiteTwz "1899"]
[BlackTwz "1791"]
[WhiteFideId "12951480"]
[BlackFideId "24615412"]
[WhiteNatFedId "10199914"]
[BlackNatFedId "10186026"]
[WhiteAttr "M"]
[BlackAttr "W"]
[WhiteTeam "SF Pfullingen"]
[BlackTeam "SC JAeKLECHEMIE Talente Franken e"]

1.c4 Nf6 2.Nc3 g6 3.g3 Bg7 4.Bg2 O-O 5.e4 d6 6.Nge2 e5 7.O-O Nbd7 8.d3 a5 
9.f4 exf4 10.gxf4 Ng4 11.h3 Nh6 12.Be3 f5 13.Qe1 Nc5 14.Rd1 fxe4 15.dxe4 
Nd7 16.c5 dxc5 17.Bxc5 Re8 18.Qf2 Ra6 19.Be3 Rf8 20.Nd4 Bf6 21.Nf3 Bg7 22.
Rd3 Qe8 23.Qd2 Nf6 24.Bc5 Nxe4 25.Nxe4 Qxe4 26.Bxf8 Bxf8 27.Ng5 Qe7 28.Rd8
Bf5 29.Bxb7 Rb6 30.Bd5+ Kg7 31.Qc3+ Rf6 32.Ra8 Qd7 33.Rxf8 1-0

[Event "30. Augsburger Friedensfest-Open"]
[Site "Augsburg"]
[Date "2025.08.07"]
[Round "1.39"]
[White "Schaad, Simon Ulrich Maria"]
[Black "Kelembet, Artem"]
[Result "1/2-1/2"]
[WhiteElo "1787"]
[BlackElo "1897"]
[EventDate "2025.08.07"]
[Time "09:30:00"]
[WhiteNrv "1787"]
[BlackNrv "1897"]
[WhiteTwz "1787"]
[BlackTwz "1897"]
[WhiteFideId "24697036"]
[BlackFideId "34684727"]
[WhiteNatFedId "10253400"]
[BlackNatFedId "10828569"]
[WhiteAttr "M"]
[BlackAttr "M"]
[WhiteTeam "SK Keres-Augsburg 1980"]
[BlackTeam "SV Jedesheim 1921"]

1.e4 c5 2.Nf3 e6 3.c3 d5 4.exd5 Qxd5 5.d4 Nf6 6.Na3 Nc6 7.Bc4 Qd8 8.Bf4 a6
9.dxc5 Qxd1+ 10.Rxd1 Bxc5 11.Nc2 b5 12.Be2 Bb7 13.O-O O-O 14.Be3 Bxe3 15.
Nxe3 Rac8 16.Nd4 Na5 17.Bf3 Bxf3 18.Nxf3 Nc4 19.Nxc4 Rxc4 20.Rd4 Rc5 21.
Rfd1 Nd5 22.Ne5 Rfc8 23.Nd7 R5c6 24.Ne5 R6c7 25.g3 1/2-1/2